NBA Draft First Overall Picks - Statistics

General Stats
  • This quiz has been taken 460 times
  • The average score is 20 of 70
Answer Stats
Draft Year Answer % Correct
2003 LeBron James
83%
2015 Karl-Anthony Towns
75%
2011 Kyrie Irving
74%
2014 Andrew Wiggins
73%
2016 Ben Simmons
73%
2013 Anthony Bennett
69%
2012 Anthony Davis
69%
2008 Derrick Rose
67%
1984 Hakeem Olajuwon
65%
2009 Blake Griffin
64%
2010 John Wall
64%
1992 Shaquille O'Neal
62%
2007 Greg Oden
60%
2004 Dwight Howard
59%
1996 Allen Iverson
57%
1997 Tim Duncan
56%
1991 Larry Johnson
55%
1987 David Robinson
48%
1994 Glenn Robinson
47%
2001 Kwame Brown
43%
1985 Patrick Ewing
43%
2002 Yao Ming
42%
2005 Andrew Bogut
41%
1966 Cazzie Russell
40%
2006 Andrea Bargnani
39%
1969 Lew Alcindor
35%
1995 Joe Smith
31%
1993 Chris Webber
30%
2000 Kenyon Martin
30%
1972 LaRue Martin
30%
1979 Magic Johnson
30%
1960 Oscar Robertson
26%
1999 Elton Brand
24%
1982 James Worthy
23%
1998 Michael Olowokandi
23%
1958 Elgin Baylor
20%
1974 Bill Walton
19%
1983 Ralph Sampson
19%
1978 Mychal Thompson
16%
1975 David Thompson
15%
1990 Derrick Coleman
15%
1968 Elvin Hayes
14%
1986 Brad Daugherty
13%
1988 Danny Manning
13%
1971 Austin Carr
12%
1989 Pervis Ellison
12%
1980 Joe Barry Carroll
10%
1981 Mark Aguirre
9%
1956 Sihugo Green
9%
1970 Bob Lanier
7%
1967 Jimmy Walker
7%
1976 John Lucas
7%
1961 Walt Bellamy
6%
1957 Rod Hundley
5%
1959 Bob Boozer
4%
1973 Doug Collins
4%
1977 Kent Benson
4%
1948 Andy Tonkovich
3%
1963 Art Heyman
3%
1962 Bill McGill
3%
1950 Charlie Share
3%
1947 Clifton McNeely
3%
1965 Fred Hetzel
3%
1964 Jim Barnes
3%
1952 Mark Workman
3%
1953 Ray Felix
3%
1955 Dick Ricketts
2%
1954 Frank Selvy
2%
1951 Gene Melchiorre
2%
1949 Howie Shannon
2%
No matching quizzes found
Score Distribution
Percent of People with Each Score
Percentile by Number Answered
Your Score History
You have not taken this quiz